000 01276cab a2200253 4500
001 ABS67612
008 040312n2004 000 0 eng u
035 _a(Sirsi) u125409
100 _aChaplin, A.
245 _aPlanning for Local Development Frameworks: a new development plan regime
260 _c2004
490 _aJournal of Planning and Environment Law
_vMarch 2004, 260-266(8)
520 _aSets out plans for setting up Local Development Frameworks (LDFs) contained in the Planning and Compulsory Purchase Bill Part II which will replace local and unitary development plans. Draft Planning Policy Statement: "Local Development Frameworks" (PPS12) provides guidance on the preparation of LDSs. Advises local authorities on what steps they can take to ensure that they comply with existing development rules and what they should be doing in the interim period until the bill reaches the statute book
590 _aABS
650 _aLOCAL DEVELOPMENT FRAMEWORKS
650 _aPLANNING POLICY STATEMENT 12
650 _aLOCAL PLAN
650 _aUNITARY DEVELOPMENT PLANS
650 _aPLANNING AND COMPULSORY PURCHASE ACT 2004
650 _aCOMMUNITY INVOLVEMENT
650 _aSTRATEGIC ENVIRONMENTAL ASSESSMENTS
690 _aDEVELOPMENT
942 _n0
999 _c74265
_d74265